El ser y la electricidad: una filosofía del rock

Guardat en:
Dades bibliogràfiques
Autor principal: Vera, Adolfo (Autor)
Format: Llibre
Idioma:espanyol
Publicat: Santiago Ediciones Metales Pesados 2019
Edició:1a. ed
Matèries:
Etiquetes: Afegir etiqueta
Sense etiquetes, Sigues el primer a etiquetar aquest registre!

MARC

LEADER 00000cam a2200000 a 4500
001 UCC8049
003 CL-VaPUC
005 20250313093902.0
008 190524e20190000cl |||||||||||||||||spa|d
020 |a 9789569843617 
040 |c Pontificia Universidad Católica de Valparaíso 
082 0 4 |a 781.17  |b VER  |2 21 
100 0 |a Vera, Adolfo  |e author  |9 602749 
245 1 3 |a El ser y la electricidad: una filosofía del rock 
250 |a 1a. ed 
260 |a Santiago  |b Ediciones Metales Pesados  |c 2019 
300 |a 154 p 
583 |a last modification  |c 20190524 12:30:00  |k Rodrigo Vera 
650 0 |a Estética del arte  |9 413091 
650 0 |a Estética musical  |9 265497 
650 0 |a Apreciación musical  |9 306325 
650 7 |a ROCK  |2 CL-VaPUC  |9 409985 
942 |c BK 
945 |d 20190524 12:30:00  |a dcastane 
999 |c 374497  |d 374495 
952 |0 0  |1 0  |3 erb  |4 0  |6 781_170000000000000_VER_2019  |7 0  |8 A  |9 493054  |a BIBART  |b BIBART  |i 555022K  |o 781.17 VER 2019  |p 555022K  |r 2025-03-13  |w 2019-11-24  |y BK  |z Catalogado en:20190524  |k ART